• 首页
  • 本馆介绍
  • 公告通知
  • 最新文献
  • 馆藏检索
  • 电子资源
  • 读者导购
  • 参考咨询
  • 我的图书馆
  • 登录
  • 详细信息显示
  • 放入我的书架
  • 预约/预借图书
  • 作者相关作品
  • 分类相关作品
  • 丛书相关作品
  • 出版社相关作品

书目信息

  • 表格格式
  • 工作单格式
  • 卡片格式
书名: The book of slang
作者:
分册号:
分册名:
出版地: Middle Village, N.Y. :
 
出版社: Jonathan David Pub., Inc
出版时间: 1975.
页数: 178 p. ;
开本: 18 cm.
丛书名:
中图分类号:
科图分类号:
其他分类号: H313.3
主题词:
电子资源:
000 00738nam 2200241 a 4500
001 E0738609703
005 20070227105649.87
008 001 0 eng
008 uu
008 uu
020    @a0-8245-0191-6 :@cCNY0.80.
040    @aNLC
049    @aN5LA
090    @a2G/H313.3/-61/BS////////*966121/-22/ 2cop.
090    @aH313.3
096    @aH313.3-61 @v2
099    @dH313.3@ex57
245 04 @aThe book of slang
260    @aMiddle Village, N.Y. :@bJonathan David Pub., Inc.,@c1975.
300    @a178 p. ;@c18 cm.
700 1  @aAndersen, Dennis. @b00 @c20020930 @lNLC09 @h2246 @b00 @c20021017 @lNLC09 @h1857 @lNLC09 @h2259 @lNLC09 @h1850
852 9  @bWWJC @cJ09 @k2G @hH313.3-61 @iBS
852 9  @bGJSS @k2G @hH313.3-61 @iBS
    
    The book of slang.-Middle Village, N.Y. : : Jonathan David Pub., Inc., , 1975.
    178 p. ; ; 18 cm.
    
    
    ISBN 0-8245-0191-6 :CNY0.80.
    
●
相关链接 在E读中查询图书 在五车中查询图书 在当当中查询图书 在豆瓣中查询图书


正题名:book of slang     索取号:H313.3/x57         预约/预借

序号 登录号 条形码 馆藏地/架位号 状态 备注
1 130248   001301371   第四借阅区/ [索取号:H313.3/x57] 在馆    
2 130249   001301362   第四借阅区/ [索取号:H313.3/x57] 在馆    
3 130250   001301353   第四借阅区/ [索取号:H313.3/x57] 在馆    
4 96808   001301399   第四借阅区/ [索取号:H313.3/x57] 在馆    
5 96809   001301380   第四借阅区/ [索取号:H313.3/x57] 在馆    
6 96810   001301406   第二样本阅览室/ [索取号:H313.3/x57] 在馆    
唐山师范学院图书馆 欢迎您!
大连网信软件有限公司© 版权所有